| 000 | 02726nas a22003735i 4500 | ||
|---|---|---|---|
| 001 | 2730-9401 | ||
| 003 | DE-He213 | ||
| 005 | 20260304140656.0 | ||
| 007 | cr nn 008mamaa | ||
| 008 | 201023s||||||||xxkuu poo|||||| b|EN |d | ||
| 022 | _a2730-9401 | ||
| 024 | 7 |
_a43897 _2local |
|
| 210 | 1 | 0 | _aMol Horticulture |
| 245 | 1 | 0 |
_aMolecular Horticulture _h[electronic resource] / _cedited by Chao Ma, Su-Sheng Gan, Hong-Wei Xue. |
| 264 | 1 |
_aLondon : _bBioMed Central : _bImprint: BioMed Central. |
|
| 300 | _bonline resource. | ||
| 520 | _aAims Molecular Horticulture aims to publish research and review articles that significantly advance our knowledge in understanding how the horticultural crops or their parts operate mechanistically. Articles should have profound impacts not only in terms of high citation number or the like, but more importantly on the direction of the horticultural research field. Scope Molecular Horticulture publishes original Research Articles, Letters, and Reviews on novel discoveries on the following, but not limited to, aspects of horticultural plants (including medicinal plants): Developmental and evolutionary biology Physiology, biochemistry and cell biology Plant-microbe and plant-environment interactions Genetics and epigenetics Molecular breeding and biotechnology Secondary metabolism and synthetic biology Multi-omics dealing with data sets of genome, transcriptome, proteome, metabolome, epigenome and/or microbiome. The journal also welcomes research articles using model plants that reveal mechanisms and/or principles readily applicable to horticultural plants, translational research articles involving application of basic knowledge (including those of model plants) to the horticultural crops, novel Methods and Resources of broad interest. In addition, the journal publishes Editorial, News and View, and Commentary and Perspective on current, significant events and topics in global horticultural fields with international interests. | ||
| 650 | 0 |
_aBotany. _9502 |
|
| 650 | 0 | _aAgriculture. | |
| 650 | 0 | _aPlant biotechnology. | |
| 650 | 0 | _aPlant genetics. | |
| 650 | 0 | _aCytology. | |
| 650 | 1 | 4 |
_aPlant Science. _9506 |
| 650 | 2 | 4 | _aAgriculture. |
| 650 | 2 | 4 | _aPlant Biotechnology. |
| 650 | 2 | 4 | _aPlant Genetics. |
| 650 | 2 | 4 | _aCell Biology. |
| 700 | 1 |
_aMa, Chao. _eeditor. _4edt _4http://id.loc.gov/vocabulary/relators/edt _924146 |
|
| 700 | 1 |
_aGan, Su-Sheng. _eeditor. _4edt _4http://id.loc.gov/vocabulary/relators/edt _924147 |
|
| 700 | 1 |
_aXue, Hong-Wei. _eeditor. _4edt _4http://id.loc.gov/vocabulary/relators/edt _924148 |
|
| 710 | 2 | _aSpringerLink (Online service) | |
| 856 | 4 | 0 |
_uhttps://molhort.biomedcentral.com _zOpen Access |
| 999 |
_c463767 _d463767 |
||